000
00281nam a2200121Ia 4500
008
191201s2018 xx 000 0 und d
100
_a
GOETZ,Brian
245
0
_a
Java Concurrency in Practice
260
_b
Pearson
_c
2018
300
_a
352
650
_a
B.Tech(CSE)
942
_2
ddc
_c
BK
999
_c
7155
_d
7155